| 000 | 00709nam a2200229Ia 4500 | ||
|---|---|---|---|
| 005 | 20241129104308.0 | ||
| 008 | 241129s9999||||xx |||||||||||||| ||und|| | ||
| 020 | _a9789004503359 | ||
| 037 | _aTextual | ||
| 040 |
_aRTL _beng _cRTL |
||
| 041 |
_aeng _2eng |
||
| 084 |
_aX:3M24xN18A:g(R) R2 _qRTL |
||
| 100 |
_aLewis William S. _9725664 |
||
| 245 | 0 |
_aConcrete critical theory: Althusser's Marxism _cLewis William S. |
|
| 260 |
_aUK _bPrint Force _c2022 |
||
| 300 | _aviii,212p. | ||
| 365 |
_aINR _bRs.9916.50 |
||
| 490 | _aHistorical Materialism Book Series; Vol. 249 | ||
| 650 |
_aAlthussers Marxism _9725665 |
||
| 942 |
_cTB _hX:3M24xN18A:g(R) R2 |
||
| 999 |
_c1225273 _d1225273 |
||